|
|
|
|
| LEADER |
00874ncm a22002412a 4500 |
| 001 |
001326029 |
| 003 |
CZ BrMZK |
| 005 |
20131112154142.0 |
| 007 |
qu |
| 008 |
120601s1905 au |||||||||||||||||zxx d |
| 040 |
|
|
|a BOA001
|b cze
|
| 044 |
|
|
|a au
|a gw
|
| 072 |
|
7 |
|a 786
|x Hudba pro klávesové nástroje
|2 Konspekt
|9 9
|
| 100 |
1 |
|
|a Bruckner, Anton,
|d 1824-1896
|7 jn20000601042
|4 cmp
|
| 245 |
1 |
0 |
|a Achte Symphonie (c moll)
|h [hudebnina] :
|b für grosses Orchester /
|c von Anton Bruckner
|
| 260 |
|
|
|a Wien :
|b Von Carl Haslinger qdm. Tobias ;
|a Berlin :
|b Schlesinger'sche Buch- & Musikhandlung (Rob. Lineau),
|c [1905?]
|
| 300 |
|
|
|a 71 s.
|
| 500 |
|
|
|a Klavír na 4 ruce
|
| 500 |
|
|
|a Převzato do Universal-Edition
|
| 910 |
|
|
|a BOA001
|b Mus4-0181.623
|
| 990 |
|
|
|a MU
|
| 991 |
|
|
|b 201309
|
| 996 |
6 |
|
|b 2619607259
|c Mus4-0181.623
|l MZK
|r Sklad / do 1 hodiny
|n 0
|w 001361026
|u 000010
|a 1
|e BOA001
|j MZK50
|s P
|